000 00455pab a2200157 454500
008 180718b1999 xxu||||| |||| 00| 0 eng d
100 _aBan, Carolyn
245 _aThe contingent workforce in the US federal government: a different approach
260 _c1999
300 _ap.41-53
362 _aMar
650 _aCivil service - United States
650 _aCivil service
773 _aInternational Review of Administrative Sciences
909 _a41286
999 _c41286
_d41286